00510nam a2200193 a 4500001001300000003000900013005001700022008004100039020000800080082001500088100001800103245003300121260004800154300000900202500003500211505001700246650003500263700001800298nice12345678IN_TiNIC20260116011652.0050524s1970 cama grp 000 0 eng  ac600a421.5bOCO aO`Connor, J D aBetter English Pronunciation aCambridgebCambridge University Pressc1970 a178p aincludes index and biblioraphy2 aBibliography aEnglish-Language Pronunciation1 aO`Connor, J D